00366nam a2200109Ia 4500008004100000100002300041245006000064260003600124300001800160650001000178856006800188160712s9999 xx 000 0 und d aSalonga, Aileen O. cAileen O. SalongaaThe Gendered Spaces of Globalization c2011bReview of Women's Studies avol. 21 no. 1 xWOMEN uhttp://journals.upd.edu.ph/index.php/rws/issue/view/441/showToc